[Event "Titled Tuesday intern op 21st May Early"]
[Site "Chess.com INT"]
[Date "2024.05.21"]
[Round "2"]
[White "Bychkov, Vladimir"]
[Black "Premanath, Dinushki"]
[Result "1-0"]
[WhiteElo "2211"]
[BlackElo "1876"]
[PlyCount "55"]
[EventDate "2024.05.21"]
[EventType "swiss (blitz)"]
[EventRounds "11"]
[EventCountry "USA"]
[SourceTitle "CBM 220 Extra"]
[Source "ChessBase"]
[SourceDate "2024.07.31"]
[SourceVersion "1"]
[SourceVersionDate "2024.07.31"]
[SourceQuality "1"]

1. e4 e6 2. d4 d5 3. Nd2 Nf6 4. e5 Nfd7 5. f4 c5 6. c3 Nc6 7. Ndf3 a5 8. a4 b6 9. Bb5 Qc7 10. Ne2 Ba6 11. 0-0 Bxb5 12. axb5 Na7 13. f5 Nxb5 14. fxe6 fxe6 15. Ng5 Qc6 16. Nf4 Nc7 17. Qh5+ g6 18. Nxg6 0-0-0 19. Nxh8 cxd4 20. cxd4 Bb4 21. Nhf7 Rg8 22. Qxh7 Rf8 23. Be3 Kb7 24. Rac1 Qb5 25. Nd6+ Bxd6 26. exd6 Rxf1+ 27. Rxf1 Ne8 28. Qe7 1-0

[Event "Titled Tuesday intern op 21st May Early"]
[Site "Chess.com INT"]
[Date "2024.05.21"]
[Round "1"]
[White "Lianes Garcia, Marcos"]
[Black "Bychkov, Vladimir"]
[Result "1-0"]
[WhiteElo "2416"]
[BlackElo "2211"]
[PlyCount "37"]
[EventDate "2024.05.21"]
[EventType "swiss (blitz)"]
[EventRounds "11"]
[EventCountry "USA"]
[SourceTitle "CBM 220 Extra"]
[Source "ChessBase"]
[SourceDate "2024.07.31"]
[SourceVersion "1"]
[SourceVersionDate "2024.07.31"]
[SourceQuality "1"]

1. e4 c6 2. g3 d5 3. Bg2 g6 4. Ne2 Bg7 5. 0-0 h5 6. h3 Nd7 7. exd5 cxd5 8. Bxd5 h4 9. g4 Ne5 10. Bg2 Nxg4 11. hxg4 h3 12. Bf3 Nf6 13. Ng3 Rh4 14. d4 h2+ 15. Kh1 Bxg4 16. c3 Bh3 17. Re1 Kf8 18. Bg5 Ng4 19. Qe2 1-0

[Event "Titled Tuesday intern op 21st May Early"]
[Site "Chess.com INT"]
[Date "2024.05.21"]
[Round "4"]
[White "Rohwer, Paul"]
[Black "Bychkov, Vladimir"]
[Result "0-1"]
[WhiteElo "2225"]
[BlackElo "2211"]
[PlyCount "58"]
[EventDate "2024.05.21"]
[EventType "swiss (blitz)"]
[EventRounds "11"]
[EventCountry "USA"]
[SourceTitle "CBM 220 Extra"]
[Source "ChessBase"]
[SourceDate "2024.07.31"]
[SourceVersion "1"]
[SourceVersionDate "2024.07.31"]
[SourceQuality "1"]

1. e4 c5 2. f4 Nc6 3. Nf3 g6 4. Be2 Bg7 5. 0-0 d6 6. c3 Nf6 7. d3 0-0 8. Kh1 b5 9. Be3 Bb7 10. Nbd2 b4 11. f5 bxc3 12. bxc3 Rb8 13. Qe1 Ba6 14. Qh4 Rb2 15. Bh6 Ne5 16. Nxe5 dxe5 17. c4 Qd4 18. Nf3 Qc3 19. Rac1 Qa3 20. Ng5 Rxe2 21. Rcd1 Nh5 22. Bxg7 Kxg7 23. g4 h6 24. gxh5 hxg5 25. Qxg5 Qxa2 26. fxg6 Rxh2+ 27. Kg1 f6 28. Qg4 Bc8 29. Qg3 Rxh5 0-1

[Event "Titled Tuesday intern op 21st May Early"]
[Site "Chess.com INT"]
[Date "2024.05.21"]
[Round "5"]
[White "Shuvalova, Polina"]
[Black "Bychkov, Vladimir"]
[Result "1-0"]
[WhiteElo "2456"]
[BlackElo "2211"]
[PlyCount "95"]
[EventDate "2024.05.21"]
[EventType "swiss (blitz)"]
[EventRounds "11"]
[EventCountry "USA"]
[SourceTitle "CBM 220 Extra"]
[Source "ChessBase"]
[SourceDate "2024.07.31"]
[SourceVersion "1"]
[SourceVersionDate "2024.07.31"]
[SourceQuality "1"]

1. e4 c5 2. Nf3 d6 3. d4 cxd4 4. Nxd4 Nf6 5. Nc3 a6 6. Bd3 e5 7. Nde2 Be6 8. 0-0 Be7 9. f4 Qc7 10. Kh1 0-0 11. Be3 b5 12. Ng3 exf4 13. Bxf4 Nc6 14. Nf5 Bxf5 15. exf5 Ne5 16. Qd2 Rfc8 17. Rae1 b4 18. Bxe5 dxe5 19. Ne4 Rd8 20. Nxf6+ Bxf6 21. Qxb4 Rab8 22. Qa3 a5 23. b3 Rb4 24. Re2 Rh4 25. g3 Be7 26. Qc1 Qb7+ 27. Rg2 Rhd4 28. f6 Bxf6 29. h4 e4 30. Bc4 R8d7 31. Kh2 Be5 32. Qg5 Qc7 33. Rf5 Bd6 34. Qe3 Be5 35. Qg5 Bd6 36. a4 h6 37. Qe3 Be5 38. Rgf2 Rxc4 39. bxc4 g6 40. Rxe5 Qxe5 41. Qxh6 e3 42. Re2 Re7 43. Qg5 Qd4 44. Qxe7 Qxc4 45. Qe8+ Kg7 46. Qe5+ Kg8 47. Qxe3 Qxa4 48. Qe8+ 1-0

[Event "Titled Tuesday intern op 19th Mar Early"]
[Site "Chess.com INT"]
[Date "2024.03.19"]
[Round "1"]
[White "Kovalev, Vladislav"]
[Black "Bychkov, Vladimir"]
[Result "1-0"]
[WhiteElo "2560"]
[BlackElo "2211"]
[PlyCount "103"]
[EventDate "2024.03.19"]
[EventType "swiss (blitz)"]
[EventRounds "11"]
[EventCountry "USA"]
[SourceTitle "EXT 2025"]
[Source "ChessBase"]
[SourceDate "2024.10.14"]
[SourceVersion "1"]
[SourceVersionDate "2024.10.14"]
[SourceQuality "1"]

1. e4 c5 2. Nf3 d6 3. Bb5+ Nd7 4. 0-0 a6 5. Bd3 g6 6. c3 Bg7 7. Re1 Ngf6 8. Bf1 0-0 9. d4 b5 10. e5 Ne8 11. Bg5 cxd4 12. exd6 Nxd6 13. Bxe7 Qc7 14. Bxf8 Nxf8 15. Nxd4 Bb7 16. Be2 Nc4 17. Bxc4 Qxc4 18. Nd2 Qd5 19. Qf3 Qd7 20. Qh3 Qxh3 21. gxh3 Bxd4 22. cxd4 Ne6 23. Nb3 Nf4 24. Re3 Kg7 25. Rc1 Bd5 26. Nc5 h5 27. b3 h4 28. Nd3 Ne6 29. Nb4 Rd8 30. Rd1 Bb7 31. d5 a5 32. Nc2 Bxd5 33. Nd4 Nf4 34. Ne2 Nh5 35. Re5 Nf6 36. Nf4 Rc8 37. Nxd5 Rd8 38. Ne3 Rc8 39. Rxb5 Ne4 40. Rxa5 Nc3 41. Re1 Rd8 42. Rc5 Ne4 43. Rc4 Ng5 44. Kg2 Rd2 45. Rc2 Rd3 46. b4 Ne4 47. b5 Rd4 48. Rb2 Nc5 49. b6 Nd3 50. Ree2 Nf4+ 51. Kf3 g5 52. b7 1-0

[Event "Titled Tuesday intern op 06th Feb Early"]
[Site "Chess.com INT"]
[Date "2024.02.06"]
[Round "2"]
[White "Liyanage, Ranindu Dilshan"]
[Black "Bychkov, Vladimir"]
[Result "1-0"]
[WhiteElo "2347"]
[BlackElo "2211"]
[PlyCount "39"]
[EventDate "2024.02.06"]
[EventType "swiss (blitz)"]
[EventRounds "11"]
[EventCountry "USA"]
[SourceTitle "CBM 218 Extra"]
[Source "ChessBase"]
[SourceDate "2024.03.31"]
[SourceVersion "1"]
[SourceVersionDate "2024.03.31"]
[SourceQuality "1"]

1. Nf3 c5 2. e3 Nf6 3. b3 b6 4. Bb2 Bb7 5. c4 e6 6. Be2 Be7 7. 0-0 0-0 8. d4 d5 9. Nc3 dxc4 10. Bxc4 cxd4 11. Nxd4 Nc6 12. Nxc6 Bxc6 13. Qe2 Qb8 14. Rfd1 Rd8 15. h3 Qe5 16. Nd5 exd5 17. Bxe5 dxc4 18. Qxc4 Be8 19. Qc7 Bf8 20. Rxd8 1-0

[Event "Titled Tuesday intern op 05th Dec Early"]
[Site "Chess.com INT"]
[Date "2023.12.05"]
[Round "1"]
[White "Atakhan, Abtin"]
[Black "Bychkov, Vladimir"]
[Result "1-0"]
[WhiteElo "2417"]
[BlackElo "2211"]
[PlyCount "69"]
[EventDate "2023.12.05"]
[EventType "swiss (blitz)"]
[EventRounds "11"]
[EventCountry "USA"]
[SourceTitle "EXT 2025"]
[Source "ChessBase"]
[SourceDate "2024.10.14"]
[SourceVersion "1"]
[SourceVersionDate "2024.10.14"]
[SourceQuality "1"]

1. c4 e5 2. Nc3 Bb4 3. Nd5 Be7 4. d4 c6 5. Nxe7 Qxe7 6. dxe5 Qxe5 7. Nf3 Qe7 8. a3 Nf6 9. Bf4 d5 10. e3 0-0 11. Qc2 Nbd7 12. cxd5 Nxd5 13. Bg3 N7f6 14. Bd3 h6 15. 0-0 Rd8 16. e4 Nc7 17. e5 Nh5 18. Bh4 g5 19. Bg3 Be6 20. Rad1 Kg7 21. h4 g4 22. Nd2 Nb5 23. Ne4 Nd4 24. Qc1 Nf5 25. Be2 Nxh4 26. Nf6 Nxg3 27. fxg3 Ng6 28. Qe3 Rxd1 29. Bxd1 Rd8 30. Bxg4 Bxg4 31. Nxg4 Qg5 32. Rxf7+ Kh8 33. Qxg5 hxg5 34. Nf6 Nf8 35. e6 1-0

[Event "Titled Tuesday intern op 05th Dec Early"]
[Site "Chess.com INT"]
[Date "2023.12.05"]
[Round "8"]
[White "Bychkov, Vladimir"]
[Black "Hayrapetyan, Hovik"]
[Result "0-1"]
[WhiteElo "2211"]
[BlackElo "2427"]
[PlyCount "110"]
[EventDate "2023.12.05"]
[EventType "swiss (blitz)"]
[EventRounds "11"]
[EventCountry "USA"]
[SourceTitle "EXT 2025"]
[Source "ChessBase"]
[SourceDate "2024.10.14"]
[SourceVersion "1"]
[SourceVersionDate "2024.10.14"]
[SourceQuality "1"]

1. e4 c5 2. Nf3 d6 3. d4 cxd4 4. Qxd4 Nc6 5. Bb5 Bd7 6. Bxc6 Bxc6 7. 0-0 e5 8. Qd3 Nf6 9. Re1 h6 10. c4 Be7 11. Nc3 0-0 12. Nd2 Nd7 13. Nf1 Nc5 14. Qg3 Bh4 15. Qg4 Nxe4 16. Rxe4 Bxf2+ 17. Kxf2 f5 18. Qe2 fxe4+ 19. Kg1 b5 20. Be3 b4 21. Nd1 d5 22. cxd5 Qxd5 23. Qd2 Qc4 24. Nf2 Rad8 25. Qc1 Bb5 26. Qxc4+ Bxc4 27. b3 Bd3 28. Nd2 Rc8 29. Ndxe4 Rc2 30. Nxd3 a5 31. Bb6 Ra8 32. h3 a4 33. Nxb4 Rb2 34. Nd3 Re2 35. Nc3 Rd2 36. Nc5 axb3 37. Nxb3 Rb2 38. Re1 Rc2 39. Nd5 Raxa2 40. Ne3 Rcb2 41. Nc1 Ra1 42. Nc4 Rbb1 43. Be3 Rb4 44. Nxe5 Rb5 45. Ned3 Ra3 46. Bf2 Rd5 47. Nf4 Rd2 48. Be3 Rc2 49. Nce2 Rxe3 50. Kf2 Re4 51. Rd1 Rxf4+ 52. Ke3 Ra4 53. Rd8+ Kh7 54. Rd3 Rca2 55. Nf4 Ra8 0-1

[Event "Titled Tuesday intern op 05th Dec Early"]
[Site "Chess.com INT"]
[Date "2023.12.05"]
[Round "9"]
[White "Bychkov, Vladimir"]
[Black "Tasev, Dejan"]
[Result "1-0"]
[WhiteElo "2211"]
[BlackElo "2188"]
[PlyCount "65"]
[EventDate "2023.12.05"]
[EventType "swiss (blitz)"]
[EventRounds "11"]
[EventCountry "USA"]
[SourceTitle "EXT 2025"]
[Source "ChessBase"]
[SourceDate "2024.10.14"]
[SourceVersion "1"]
[SourceVersionDate "2024.10.14"]
[SourceQuality "1"]

1. e4 d6 2. d4 Nf6 3. Nc3 g6 4. f4 Bg7 5. Be3 0-0 6. Nf3 c5 7. Qd2 cxd4 8. Nxd4 Nc6 9. Nxc6 bxc6 10. Be2 Rb8 11. Rb1 Qa5 12. 0-0 Ng4 13. Bxg4 Bxg4 14. f5 gxf5 15. Bh6 fxe4 16. Bxg7 Kxg7 17. Qf4 Be6 18. Nxe4 h6 19. Rf3 Kh7 20. Qh4 f6 21. Re1 Qd5 22. b3 Rf7 23. c4 Qd4+ 24. Kh1 c5 25. Rfe3 Bd7 26. Qf2 Rg8 27. Qe2 Rgg7 28. Rd1 Qe5 29. Nxd6 Qxd6 30. Rxd6 exd6 31. Kg1 Bc6 32. g3 Re7 33. Rxe7 1-0

[Event "Titled Tuesday intern op 05th Dec Early"]
[Site "Chess.com INT"]
[Date "2023.12.05"]
[Round "4"]
[White "Cieslak, Patryk"]
[Black "Bychkov, Vladimir"]
[Result "1-0"]
[WhiteElo "2284"]
[BlackElo "2211"]
[PlyCount "91"]
[EventDate "2023.12.05"]
[EventType "swiss (blitz)"]
[EventRounds "11"]
[EventCountry "USA"]
[SourceTitle "EXT 2025"]
[Source "ChessBase"]
[SourceDate "2024.10.14"]
[SourceVersion "1"]
[SourceVersionDate "2024.10.14"]
[SourceQuality "1"]

1. c4 e5 2. Nf3 Nc6 3. Nc3 Nf6 4. e4 Bc5 5. Nxe5 Nxe5 6. d4 Bd6 7. f4 Ng6 8. e5 Bb4 9. Bd3 0-0 10. 0-0 d6 11. exf6 Qxf6 12. Nd5 Qxd4+ 13. Be3 Qxb2 14. Rb1 Qxa2 15. Nxb4 Qa5 16. Nd5 c6 17. Ra1 Qd8 18. Nb6 Bg4 19. Qxg4 axb6 20. Rxa8 Qxa8 21. Bxb6 Qa3 22. Bxg6 hxg6 23. Bd4 Qd3 24. f5 Qxc4 25. fxg6 c5 26. gxf7+ Rxf7 27. Rxf7 Qxf7 28. Be3 Qe7 29. Qc4+ Kh7 30. Bf2 Qe5 31. h4 Qf5 32. Bg3 Qg6 33. Kh2 b6 34. Qd5 b5 35. Qxd6 Qc2 36. Qe5 b4 37. Qh5+ Kg8 38. Qe8+ Kh7 39. Qh5+ Kg8 40. Be5 Qe4 41. Qg5 Qb7 42. h5 Qf7 43. h6 Kh7 44. hxg7 Qg6 45. g8Q+ Kxg8 46. Qxg6+ 1-0

[Event "Titled Tuesday intern op 05th Dec Early"]
[Site "Chess.com INT"]
[Date "2023.12.05"]
[Round "7"]
[White "Volkov, Maksim"]
[Black "Bychkov, Vladimir"]
[Result "0-1"]
[WhiteElo "2271"]
[BlackElo "2211"]
[PlyCount "148"]
[EventDate "2023.12.05"]
[EventType "swiss (blitz)"]
[EventRounds "11"]
[EventCountry "USA"]
[SourceTitle "EXT 2025"]
[Source "ChessBase"]
[SourceDate "2024.10.14"]
[SourceVersion "1"]
[SourceVersionDate "2024.10.14"]
[SourceQuality "1"]

1. e4 c6 2. d4 d5 3. exd5 cxd5 4. Bd3 Nc6 5. c3 Qc7 6. Na3 g6 7. Nb5 Qb8 8. Ne2 Bh6 9. Bxh6 Nxh6 10. Qd2 Nf5 11. Qf4 0-0 12. 0-0 a6 13. Na3 Qxf4 14. Nxf4 e6 15. Nc2 Nd6 16. Be2 Bd7 17. Nd3 b6 18. Rfe1 a5 19. Bf3 Rab8 20. h4 Kg7 21. g3 Bc8 22. Rab1 Ba6 23. Ne5 Nxe5 24. dxe5 Nc4 25. Be2 Ra8 26. Bxc4 Bxc4 27. Ra1 Rfc8 28. Red1 Ba6 29. Rd4 h6 30. Rad1 g5 31. Kg2 Kg6 32. Ne3 b5 33. a3 Rab8 34. Rh1 b4 35. cxb4 axb4 36. axb4 Rb6 37. f4 Rcb8 38. hxg5 hxg5 39. Nc2 Rc8 40. Ne3 Rcb8 41. Ra1 Bc8 42. Ra4 Bd7 43. Ra7 Be8 44. Nc2 Rc8 45. Rd2 Rc4 46. Re7 Ba4 47. Ne3 Rcxb4 48. Kh3 gxf4 49. gxf4 Rxf4 50. Rg2+ Kh7 51. Ng4 Rb3+ 52. Kh4 Rbb4 53. Kg5 Rf5+ 54. Kh4 Bd1 55. Kh3 Rh5+ 56. Kg3 Rxg4+ 57. Kf2 Rf5+ 58. Kg1 Rxg2+ 59. Kxg2 Bf3+ 60. Kg3 Be4 61. b4 d4 62. Rd7 d3 63. b5 Kg6 64. b6 Rxe5 65. Rd4 Kf5 66. Rb4 Bb7 67. Rd4 Rd5 68. Rf4+ Ke5 69. Rxf7 d2 70. Rxb7 d1Q 71. Rf7 Rd3+ 72. Kh4 Qh1+ 73. Kg4 Qg2+ 74. Kh5 Rh3# 0-1

[Event "Titled Tuesday intern op 21st Nov Early"]
[Site "Chess.com INT"]
[Date "2023.11.21"]
[Round "8"]
[White "Bychkov, Vladimir"]
[Black "Andriasian, Zaven"]
[Result "0-1"]
[WhiteElo "2211"]
[BlackElo "2581"]
[PlyCount "74"]
[EventDate "2023.11.21"]
[EventType "swiss (blitz)"]
[EventRounds "11"]
[EventCountry "USA"]
[SourceTitle "EXT 2025"]
[Source "ChessBase"]
[SourceDate "2024.10.14"]
[SourceVersion "1"]
[SourceVersionDate "2024.10.14"]
[SourceQuality "1"]

1. e4 c5 2. Nf3 d6 3. d4 cxd4 4. Qxd4 a6 5. c4 Nc6 6. Qe3 g6 7. h3 Bg7 8. Nc3 Nf6 9. Be2 0-0 10. 0-0 Be6 11. Rd1 Nd7 12. b3 Rc8 13. Bb2 Re8 14. Rac1 Qb6 15. Qxb6 Nxb6 16. Ba1 Nd7 17. Ne1 Nc5 18. f3 Nd4 19. Bf1 h5 20. Nd5 Bxd5 21. cxd5 e5 22. dxe6 Ncxe6 23. Bc4 b5 24. Bxe6 Rxc1 25. Rxc1 Ne2+ 26. Kf1 Nxc1 27. Bxg7 Kxg7 28. Bd5 Nxa2 29. Nd3 Nc3 30. Bb7 a5 31. Ke1 Rb8 32. Bc6 Rc8 33. Bb7 Rc7 34. Ba6 a4 35. bxa4 bxa4 36. Kd2 a3 37. Nb4 a2 0-1

[Event "Titled Tuesday intern op 21st Nov Early"]
[Site "Chess.com INT"]
[Date "2023.11.21"]
[Round "1"]
[White "Materia, Marco"]
[Black "Bychkov, Vladimir"]
[Result "0-1"]
[WhiteElo "2426"]
[BlackElo "2211"]
[PlyCount "68"]
[EventDate "2023.11.21"]
[EventType "swiss (blitz)"]
[EventRounds "11"]
[EventCountry "USA"]
[SourceTitle "EXT 2025"]
[Source "ChessBase"]
[SourceDate "2024.10.14"]
[SourceVersion "1"]
[SourceVersionDate "2024.10.14"]
[SourceQuality "1"]

1. Nf3 Nf6 2. c4 c5 3. Nc3 d5 4. cxd5 Nxd5 5. g3 Nc6 6. Bg2 e5 7. 0-0 Be6 8. d3 Be7 9. Bd2 0-0 10. Rc1 Rc8 11. a3 b6 12. Qa4 f6 13. b4 cxb4 14. Nxd5 Bxd5 15. e4 Bf7 16. Rxc6 Qd7 17. Rfc1 Be8 18. Qb3+ Bf7 19. Qc2 b3 20. Rc7 Rxc7 21. Qxc7 Qxc7 22. Rxc7 b2 23. Rxe7 b1Q+ 24. Be1 Bh5 25. Rxa7 Bxf3 26. Bxf3 Qxe1+ 27. Kg2 Qc3 28. Bg4 Qxd3 29. Be6+ Kh8 30. Bd5 h5 31. h4 Kh7 32. a4 Rc8 33. Be6 Qxe4+ 34. Kh2 Rc2 0-1

[Event "Titled Tuesday intern op 24th Oct Early"]
[Site "Chess.com INT"]
[Date "2023.10.24"]
[Round "5"]
[White "Bulmaga, Irina"]
[Black "Bychkov, Vladimir"]
[Result "1-0"]
[WhiteElo "2423"]
[BlackElo "2216"]
[PlyCount "73"]
[EventDate "2023.10.24"]
[EventType "swiss (blitz)"]
[EventRounds "11"]
[EventCountry "USA"]
[SourceTitle "EXT 2025"]
[Source "ChessBase"]
[SourceDate "2024.10.14"]
[SourceVersion "1"]
[SourceVersionDate "2024.10.14"]
[SourceQuality "1"]

1. e4 c6 2. d3 d5 3. Nd2 Qc7 4. Ngf3 e5 5. g3 g6 6. Bg2 Bg7 7. 0-0 Ne7 8. Re1 d4 9. a4 0-0 10. Nc4 Be6 11. b3 h6 12. Ba3 Rd8 13. Bxe7 Qxe7 14. Ncxe5 Bxb3 15. Nxg6 fxg6 16. cxb3 Na6 17. Qc2 Kh7 18. e5 Nb4 19. Qd2 a5 20. Nh4 Qg5 21. f4 Qg4 22. Be4 Kg8 23. Bxg6 Nd5 24. Bf5 Qh5 25. Be6+ Kh8 26. Bxd5 cxd5 27. Rac1 Rdc8 28. f5 Qg4 29. f6 Bf8 30. e6 Rxc1 31. Qxc1 Kh7 32. e7 Bxe7 33. fxe7 Re8 34. Qf4 Qg7 35. Qf5+ Kg8 36. Qg6 Rxe7 37. Rxe7 1-0

[Event "Titled Tuesday intern op 24th Oct Early"]
[Site "Chess.com INT"]
[Date "2023.10.24"]
[Round "2"]
[White "Mitrabha, Guha"]
[Black "Bychkov, Vladimir"]
[Result "0-1"]
[WhiteElo "2512"]
[BlackElo "2216"]
[PlyCount "42"]
[EventDate "2023.10.24"]
[EventType "swiss (blitz)"]
[EventRounds "11"]
[EventCountry "USA"]
[SourceTitle "EXT 2025"]
[Source "ChessBase"]
[SourceDate "2024.10.14"]
[SourceVersion "1"]
[SourceVersionDate "2024.10.14"]
[SourceQuality "1"]

1. a3 c5 2. Nf3 Nc6 3. e3 g6 4. c4 Bg7 5. Nc3 Nf6 6. d4 cxd4 7. exd4 d5 8. c5 0-0 9. Bf4 Ne4 10. Bb5 a6 11. Bxc6 bxc6 12. 0-0 Bg4 13. Be3 e5 14. dxe5 Nxc3 15. bxc3 Bxe5 16. Rc1 Qf6 17. Bd4 Rfe8 18. Re1 Bxf3 19. Rxe5 Bxd1 20. Rxe8+ Rxe8 21. Bxf6 Re1# 0-1

[Event "Titled Tuesday intern op 03rd Oct Early"]
[Site "Chess.com INT"]
[Date "2023.10.03"]
[Round "1"]
[White "Bychkov, Vladimir"]
[Black "Issabayev, Dias"]
[Result "0-1"]
[WhiteElo "2216"]
[BlackElo "2203"]
[PlyCount "134"]
[EventDate "2023.10.03"]
[EventType "swiss (blitz)"]
[EventRounds "11"]
[EventCountry "USA"]
[SourceTitle "EXT 2025"]
[Source "ChessBase"]
[SourceDate "2024.10.14"]
[SourceVersion "1"]
[SourceVersionDate "2024.10.14"]
[SourceQuality "1"]

1. d4 Nf6 2. c4 g6 3. Nc3 d5 4. cxd5 Nxd5 5. e4 Nxc3 6. bxc3 Bg7 7. Nf3 c5 8. Bb5+ Nc6 9. 0-0 0-0 10. Bxc6 bxc6 11. Qc2 Qa5 12. Be3 Ba6 13. Rfd1 Rfd8 14. Ne5 Qc7 15. Bf4 Qc8 16. Rab1 Qe6 17. Bg3 h5 18. h3 Rac8 19. Qa4 Bb5 20. Qa3 cxd4 21. cxd4 a6 22. Rbc1 Bf6 23. h4 Kg7 24. Qb2 c5 25. d5 Qd6 26. f4 c4 27. Bf2 e6 28. Bd4 exd5 29. Nd7 Rxd7 30. e5 Qe6 31. exf6+ Kh7 32. Qf2 Qf5 33. Re1 Rdc7 34. Rc3 Bd7 35. Re7 Be6 36. Be5 Rxe7 37. fxe7 Re8 38. Qc5 Qb1+ 39. Kh2 Qe1 40. Bf6 Qe4 41. Qd4 Qxd4 42. Bxd4 Rxe7 43. Bf6 Rb7 44. Ra3 Rb6 45. Kg3 Kg8 46. Kf2 Kf8 47. Ke3 Ke8 48. Kd4 Kd7 49. Kc5 Rb5+ 50. Kd4 a5 51. Re3 Kc6 52. f5 gxf5 53. Rg3 Rb2 54. Rg5 Rxa2 55. Rxh5 Rxg2 56. Rh8 Rg4+ 57. Ke3 d4+ 58. Bxd4 Re4+ 59. Kf3 Rxd4 60. h5 Rh4 61. h6 c3 62. Kg3 Rh1 63. h7 c2 64. Rd8 c1Q 65. Rd2 Qxd2 66. h8Q Qe3+ 67. Kg2 Bd5# 0-1

[Event "Titled Tuesday intern op 03rd Oct Early"]
[Site "Chess.com INT"]
[Date "2023.10.03"]
[Round "5"]
[White "Bychkov, Vladimir"]
[Black "Koellner, Aaron Noah"]
[Result "1-0"]
[WhiteElo "2216"]
[BlackElo "2201"]
[PlyCount "147"]
[EventDate "2023.10.03"]
[EventType "swiss (blitz)"]
[EventRounds "11"]
[EventCountry "USA"]
[SourceTitle "EXT 2025"]
[Source "ChessBase"]
[SourceDate "2024.10.14"]
[SourceVersion "1"]
[SourceVersionDate "2024.10.14"]
[SourceQuality "1"]

1. e4 c5 2. Nf3 e6 3. a3 Nc6 4. Bb5 Nge7 5. 0-0 a6 6. Bxc6 Nxc6 7. b4 cxb4 8. d4 d5 9. Re1 dxe4 10. Rxe4 Be7 11. axb4 Nxb4 12. c4 0-0 13. Bb2 Bf6 14. Ba3 Be7 15. Nc3 Bd7 16. d5 Re8 17. d6 Bc6 18. Bxb4 Bf6 19. Re3 b5 20. cxb5 axb5 21. Rxa8 Qxa8 22. Rd3 Rd8 23. d7 g6 24. h3 Qb7 25. Ba5 Rxd7 26. Rxd7 Qxd7 27. Qxd7 Bxd7 28. Bb4 Bc6 29. Nd2 Bd4 30. Nce4 f6 31. Bc3 Bxc3 32. Nxc3 Kf7 33. Na2 Bd5 34. Nb4 Bb7 35. Nb3 Be4 36. Nc5 Bb1 37. Kf1 Ke7 38. Ke2 Kd6 39. Nb3 Be4 40. f3 Bb7 41. Ke3 h5 42. Nd3 h4 43. Nd4 Bc6 44. Nxc6 Kxc6 45. Nf4 g5 46. Nxe6 b4 47. Kd4 b3 48. Kc3 Kd5 49. Ng7 Ke5 50. Nh5 f5 51. Kxb3 Kd4 52. Ng7 f4 53. Ne6+ Ke3 54. Nxg5 Kf2 55. Kc3 Kxg2 56. Kd4 Kg3 57. Ke4 Kf2 58. Kxf4 Kg2 59. Kg4 Kh2 60. f4 Kg2 61. f5 Kh2 62. f6 Kg2 63. f7 Kh2 64. f8Q Kg2 65. Kxh4 Kg1 66. Kg4 Kg2 67. h4 Kg1 68. h5 Kg2 69. h6 Kg1 70. h7 Kg2 71. h8Q Kg1 72. Qh4 Kg2 73. Qg3+ Kh1 74. Qh8# 1-0

[Event "Titled Tuesday intern op 03rd Oct Early"]
[Site "Chess.com INT"]
[Date "2023.10.03"]
[Round "4"]
[White "Domingo Nunez, Ruben"]
[Black "Bychkov, Vladimir"]
[Result "1-0"]
[WhiteElo "2417"]
[BlackElo "2216"]
[PlyCount "97"]
[EventDate "2023.10.03"]
[EventType "swiss (blitz)"]
[EventRounds "11"]
[EventCountry "USA"]
[SourceTitle "EXT 2025"]
[Source "ChessBase"]
[SourceDate "2024.10.14"]
[SourceVersion "1"]
[SourceVersionDate "2024.10.14"]
[SourceQuality "1"]

1. Nf3 d5 2. c4 c6 3. b4 Nf6 4. Bb2 g6 5. cxd5 cxd5 6. g3 Bg7 7. Bg2 0-0 8. 0-0 a5 9. b5 Nbd7 10. a4 Re8 11. d4 Ne4 12. Qb3 Nb6 13. Na3 Bg4 14. Rfc1 Rc8 15. h3 Bxf3 16. Bxf3 Rxc1+ 17. Rxc1 Nd2 18. Qd1 Ndc4 19. Nxc4 Nxc4 20. Bc3 e6 21. e4 Qd7 22. Kg2 Rc8 23. Qe2 b6 24. exd5 exd5 25. Re1 Bf8 26. h4 Bb4 27. Bxb4 axb4 28. Rb1 Qd6 29. Qe1 Qf6 30. Bxd5 Qxd4 31. Bc6 Ne5 32. Rxb4 Qd6 33. Re4 Nxc6 34. Re8+ Kg7 35. Rxc8 Qd5+ 36. Kg1 Ne5 37. Rc3 f6 38. Qe2 Qd4 39. Rc7+ Kh8 40. Rc8+ Kg7 41. Rc7+ Kh8 42. Rc1 Kg7 43. Kg2 Qd5+ 44. f3 h5 45. Rc7+ Kg8 46. Rc3 Kg7 47. Rc2 Qd6 48. Qe4 Qd7 49. Re2 1-0

[Event "Titled Tuesday intern op 03rd Oct Early"]
[Site "Chess.com INT"]
[Date "2023.10.03"]
[Round "2"]
[White "Galchenko, Matvey"]
[Black "Bychkov, Vladimir"]
[Result "1-0"]
[WhiteElo "2438"]
[BlackElo "2216"]
[PlyCount "123"]
[EventDate "2023.10.03"]
[EventType "swiss (blitz)"]
[EventRounds "11"]
[EventCountry "USA"]
[SourceTitle "EXT 2025"]
[Source "ChessBase"]
[SourceDate "2024.10.14"]
[SourceVersion "1"]
[SourceVersionDate "2024.10.14"]
[SourceQuality "1"]

1. f4 Nh6 2. Nf3 d5 3. g3 Nf5 4. Bg2 h5 5. 0-0 h4 6. Nxh4 Nxh4 7. gxh4 Rxh4 8. Qe1 Rh8 9. d3 Bh3 10. e4 Bxg2 11. Kxg2 Nc6 12. Nc3 Qd7 13. Qg3 dxe4 14. dxe4 0-0-0 15. Be3 f5 16. Rad1 Qe6 17. Rxd8+ Nxd8 18. Rd1 Rh6 19. Kh1 Nc6 20. e5 Qf7 21. Qf3 e6 22. Nb5 a6 23. Nd4 Nxd4 24. Bxd4 Be7 25. Be3 Qe8 26. Rg1 g6 27. c4 Qa4 28. Qe2 Qc6+ 29. Rg2 Qe4 30. b3 Rh3 31. Bd2 Qb1+ 32. Be1 Bb4 33. Rg1 Be7 34. Bg3 Qe4+ 35. Qxe4 fxe4 36. Re1 Bh4 37. Kg2 Bxg3 38. hxg3 Rh5 39. Rxe4 c5 40. Re2 Kc7 41. Rd2 g5 42. Rd6 gxf4 43. gxf4 Rh4 44. Kg3 Rh1 45. Rxe6 Ra1 46. f5 Rxa2 47. f6 Kd7 48. Re7+ Kd8 49. e6 Re2 50. Kf4 b5 51. Ra7 Rxe6 52. Kf5 Re1 53. f7 Rf1+ 54. Ke6 bxc4 55. bxc4 Re1+ 56. Kd6 Rd1+ 57. Kxc5 Rf1 58. Rxa6 Rxf7 59. Ra8+ Ke7 60. Ra7+ Ke8 61. Rxf7 Kxf7 62. Kd6 1-0

[Event "Titled Tuesday intern op 26th Sep Early"]
[Site "Chess.com INT"]
[Date "2023.09.26"]
[Round "1"]
[White "Bychkov, Vladimir"]
[Black "Aradhya, Garg"]
[Result "0-1"]
[WhiteElo "2216"]
[BlackElo "2344"]
[PlyCount "80"]
[EventDate "2023.09.26"]
[EventType "swiss (blitz)"]
[EventRounds "11"]
[EventCountry "USA"]
[SourceTitle "EXT 2024"]
[Source "ChessBase"]
[SourceDate "2023.10.10"]
[SourceVersion "1"]
[SourceVersionDate "2023.10.10"]
[SourceQuality "1"]

1. Nf3 Nf6 2. b3 g6 3. Bb2 Bg7 4. g3 b6 5. Bg2 Bb7 6. 0-0 0-0 7. c4 c5 8. d3 d6 9. Nbd2 Nbd7 10. a3 Rc8 11. Ra2 Rc7 12. b4 Qa8 13. Qa1 a6 14. Rb1 Bc6 15. Bc3 Rb8 16. Qb2 b5 17. cxb5 axb5 18. Ne1 Nb6 19. Bxc6 Qxc6 20. Qb3 Na4 21. Ba1 c4 22. dxc4 bxc4 23. Qc2 c3 24. Nb3 Nd5 25. Na5 Qb5 26. e4 Ndb6 27. Nf3 Nc4 28. Nxc4 Qxc4 29. Rc1 Nb2 30. Qb1 c2 31. Qxb2 Bxb2 32. Rxb2 Qxe4 33. Ne1 Rbc8 34. b5 Qe2 35. b6 Rb7 36. a4 Qd2 37. Rbb1 Rxb6 38. Rxc2 Rxc2 39. Rxb6 Qxe1+ 40. Kg2 Qxa1 0-1